Aplicación de la metodología diseño valor meta a un proyecto comercial
Αποθηκεύτηκε σε:
| Κύριος συγγραφέας: | |
|---|---|
| Μορφή: | Βιβλίο |
| Γλώσσα: | Spanish |
| Έκδοση: |
[San José , Costa Rica]
2017
|
| Θέματα: | |
| Ετικέτες: |
Προσθήκη ετικέτας
Δεν υπάρχουν, Καταχωρήστε ετικέτα πρώτοι!
|
MARC
| LEADER | 00000nam a22000007a 4500 | ||
|---|---|---|---|
| 003 | 012764 | ||
| 005 | 20221231144243.0 | ||
| 008 | 171018b2017 cr a|||| |m|| 00| ||spa d | ||
| 040 | |c cru CEDI | ||
| 090 | |a TFG 7915 | ||
| 100 | |9 10164 |a Salas Castrillo, David | ||
| 245 | |a Aplicación de la metodología diseño valor meta a un proyecto comercial | ||
| 260 | |a [San José , Costa Rica] |c 2017 | ||
| 300 | |a 98[2] hojas ; ilustraciones a color, planos | ||
| 500 | |a Proyecto de graduación (licenciatura en ingeniería civil)--Universidad de Costa Rica. Facultad de Ingeniería. Escuela de Ingeniería Civil | ||
| 650 | |x EDIFICIOS - CONSTRUCCION |x HORMIGON ARMADO |x INDUSTRIA DE LA CONSTRUCCION - ADMINISTRACION |x CONSTRUCCION SOSTENIBLE |x CONSTRUCCION - PLANIFICACION |9 10165 | ||
| 942 | |c TFG | ||
| 999 | |c 19136 |d 19136 | ||
